| 000 | 01257nam a2200361 a 4500 | ||
|---|---|---|---|
| 999 |
_c196751 _d196751 |
||
| 003 | BLK | ||
| 005 | 20250703095824.0 | ||
| 008 | 180411b bul|||||r ||||||| ||bul|| | ||
| 010 | _aKNG00206024000 | ||
| 020 | _a978-954-357-351-6 | ||
| 040 | _aBLK | ||
| 041 |
_cBUL _aBUL |
||
| 072 | 7 |
_2bullib _aН83 _xЧужда художествена литература Н |
|
| 080 |
_aНемска литература _b821.112.2 _x-31 _z821.112.2-31 |
||
| 100 | 1 |
_aМюнцер, Хани _eпърви автор _9100049 |
|
| 139 |
_aМюнцер, Хани _bМ 98 |
||
| 245 | 1 | 0 |
_aЖило и мед _bРоман _cХани Мюнцер; прев. от нем. Величка Стефанова. |
| 257 | _aDEU | ||
| 260 |
_bЕМАС _c2017 |
||
| 300 |
_a463 с. _c20 см |
||
| 380 | _aX | ||
| 500 | _aОриг. загл. Honigtot / Hanni Munzer. - Съдържа и за авт. | ||
| 659 | _aН | ||
| 700 | 1 |
_aСтефанова, Величка _eпрев. от нем. _9365974 |
|
| 852 | _aЦб 285416 | ||
| 856 | 4 | _qpdf | |
| 856 | 4 | _qpdf | |
| 942 |
_cKNG _n0 _033 |
||
| 944 |
_aCR _c11.05.2017 _lМинев Младен _k30530 |
||
| 944 |
_aED _c25.05.2017 _lф / _kЛюдмила_Стоянова |
||
| 999 | _d196751 | ||
| 999 | _d196751 | ||